000
00293nam a22001097a 4500
008
240530b |||||||| |||| 00| 0 eng d
100
_a
Onkar, Shard
_9
14924
245
_a
Amar Hindi ke Himalya Nirala Smerti Granth
260
_a
Prayag
_b
Bhartiya Prishad;
_c
1968.
300
_a
549p.
942
_c
BK
999
_c
39551
_d
39551